|
|
|
|
| LEADER |
00759cam a2200217 i 4500 |
| 008 |
750913s1975 enk b 001 0 eng |
| 999 |
|
|
|c 113407
|d 113407
|
| 020 |
|
|
|a 978-0-415-72238-4
|
| 082 |
0 |
0 |
|a 808.3
|
| 100 |
1 |
|
|a Boulton, Marjorie.
|
| 245 |
1 |
4 |
|a The anatomy of the novel /
|c Marjorie Boulton.
|
| 260 |
|
|
|a London ;
|b Routledge & K. Paul,
|c 1975.
|
| 300 |
|
|
|a x, 189 p. ;
|c 20 cm.
|
| 500 |
|
|
|a Includes index.
|
| 504 |
|
|
|a Bibliography: p. 176-178.
|
| 650 |
|
0 |
|a Fiction
|x Authorship.
|
| 650 |
|
0 |
|a Fiction
|x Technique.
|
| 650 |
|
0 |
|a Creative writing.
|
| 942 |
|
|
|c BK
|
| 906 |
|
|
|a 7
|b cbc
|c orignew
|d 3
|e ncip
|f 19
|g y-gencatlg
|
| 952 |
|
|
|0 0
|1 0
|4 0
|6 808_300000000000000_BOU_A
|7 0
|9 120308
|a UL
|b UL
|c ST1
|d 2017-01-10
|e 176
|g 2189.25
|l 0
|o 808.3 BOU/A
|p 95345
|r 2017-01-10
|v 3040.63
|y BK
|